000
00212 a2200097 4500
001
21572
100
_a
Churchill, W D
245
_a
The second world war No.5
260
_a
_b
Cassell
_c
1964
090
_c
15148
_d
15148
942
_a
NUST-CAE
_c
M
_c
5723
999
_c
256645
_d
256645